003730000a2200097000450024501060000004100130010650000450011970000280016410000250019277300580021710aBredin-archbold-Smithsonian biological survey of dominicasthe superfamily Scarabaeoidea (Coleoptera)0 aInglés a1 aChalumeau, Forturé E.1 aCartwrigth, Oscar L.1 tSmithsonian Contributions to Zoologyh279q1-32d1978